000 00435nam a22001577a 4500
003 NUST - PNEC
005 20170116181110.0
008 151003b xxu||||| |||| 00| 0 eng d
040 _cLIBRARY
082 _a669.9 RAM
100 _912845
_aRamakrishnan, P.
245 _aPower metallurgy opportuities for engineering industries
_cRamakrishnan, P.
260 _c1987
650 _912843
_bMechanical engineering
_xME
942 _2ddc
_cBK
999 _c69068
_d69068